Európu dobiehame službami

Analýza objemu spotreby Slovenska v porovnaní s krajinami Európskej únie. Charakteristika skutočnej spotreby domácností. Úroveň konečnej spotreby na obyvateľa oproti EÚ 27. Podiel výdavkov na potraviny. Miera podobnosti spotrebných štruktúr. Slovensko sa v oblasti spotreby služieb rýchlo priblížilo...

Descrizione completa

Salvato in:
Dettagli Bibliografici
Autore principale: Vladová, Anna
Natura: Capitolo di libro
Lingua:slovacco
Soggetti:
Tags: Aggiungi Tag
Nessun Tag, puoi essere il primo ad aggiungerne!!

MARC

LEADER 00000naa$a2200000$$$4500
001 0075507
005 20231128093011.4
041 0 |a slo 
044 |a SK 
245 1 0 |a Európu dobiehame službami  |c Anna Vladová 
520 |a Analýza objemu spotreby Slovenska v porovnaní s krajinami Európskej únie. Charakteristika skutočnej spotreby domácností. Úroveň konečnej spotreby na obyvateľa oproti EÚ 27. Podiel výdavkov na potraviny. Miera podobnosti spotrebných štruktúr. Slovensko sa v oblasti spotreby služieb rýchlo priblížilo k vyspelým ekonomikám. 
610 2 0 |a spotreba 
610 2 0 |a spotreba domácností 
610 2 0 |a spotreba potravín 
610 2 0 |a výrobky 
610 2 0 |a služby 
610 2 0 |a Slovensko 
610 2 0 |a Európska únia 
100 1 |a Vladová, Anna